El Nuevo régimen : (Registro nro. 1570)

Detalles MARC
000 -LEADER
campo de control de longitud fija 01056nas a2200313 i 4500
001 - NÚMERO DE CONTROL
campo de control 1570
003 - IDENTIFICADOR DE NÚMERO DE CONTROL
campo de control ES-MaACL
005 - FECHA Y HORA DE LA ÚLTIMA TRANSACCIÓN
campo de control 20250217134250.0
007 - CAMPO FIJO DE DESCRIPCIÓN FÍSICA--INFORMACIÓN GENERAL
campo de control de longitud fija t|
008 - DATOS DE LONGITUD FIJA--INFORMACIÓN GENERAL
campo de control de longitud fija 950801d18911927sp w| | 1 ||pa d
022 ## - NÚMERO INTERNACIONAL NORMALIZADO PARA PUBLICACIONES SERIADAS
Número Internacional Normalizado para Publicaciones Seriadas 2174-758X
040 ## - FUENTE DE CATALOGACIÓN
Centro/agencia transcriptor ES-MaACL
080 ## - NÚMERO DE LA CLASIFICACIÓN DECIMAL UNIVERSAL
Número de la Clasificación Decimal Universal (051)
245 03 - MENCIÓN DEL TÍTULO
Título El Nuevo régimen :
Resto del título semanario federal /
Mención de responsabilidad, etc. [fundado por Francisco Pi y Margall].
260 ## - PUBLICACIÓN, DISTRIBUCIÓN, ETC.
Lugar de publicación, distribución, etc. Madrid :
Nombre del editor, distribuidor, etc. [s.n.],
Fecha de publicación, distribución, etc. 1891-1927
Fabricante (Progreso Tipográfico)
300 ## - DESCRIPCIÓN FÍSICA
Extensión 3 volúmenes ;
Dimensiones 40 y 50 cm.
310 ## - PERIODICIDAD ACTUAL
Periodicidad actual Semanal
362 0# - FECHAS DE PUBLICACIÓN Y/O DESIGNACIÓN SECUENCIAL
Fecha de publicación y/o designación secuencial Año I (17 en. 1891)-(1-dic.-1927)
500 ## - NOTA GENERAL
Nota general Variaciones en el formato
530 ## - NOTA DISPONIBLE DE FORMULARIO FÍSICO ADICIONAL
Nota de formato físico adicional disponible Disponible en formato digital
650 #4 - PUNTO DE ACCESO ADICIONAL DE MATERIA--TÉRMINO DE MATERIA
Término de materia o nombre geográfico como elemento de entrada Revistas de información general
9 (RLIN) 16896
655 #4 - TERMINO DE INDIZACIÓN--GENERO/FORMA
9 (RLIN) 226864
Datos o término principal de género/forma Revistas de información general
700 1# - ENTRADA AGREGADA--NOMBRE PERSONAL
Nombre de persona Pi y Margall, Francisco,
Fechas asociadas al nombre 1824-1901
9 (RLIN) 91732
852 ## - LOCALIZACIÓN
Ubicación ES-MaACL
856 ## - LOCALIZACIÓN Y ACCESO ELECTRÓNICOS
Identificador Uniforme de Recursos <a href="https://hemerotecadigital.bne.es/hd/issn/2174-758X">https://hemerotecadigital.bne.es/hd/issn/2174-758X</a>
Texto de enlace Versión en línea
Nota pública (Hemeroteca Digital)
866 #0 - MENCIÓN TEXTUAL DE FONDOS--UNIDAD BIBLIOGRÁFICA BÁSICA
-- 1891-94.
942 ## - ELEMENTOS DE ENTRADA SECUNDARIOS (KOHA)
Fuente del sistema de clasificación o colocación Clasificación decimal universal
Tipo de ítem Koha Revista
Suprimir en OPAC No
Existencias
Estatus retirado Estado de pérdida Fuente del sistema de clasificación o colocación Estado de daño No para préstamo Colección Biblioteca de origen Biblioteca actual Ubicación en estantería Fecha de adquisición Total de préstamos Signatura topográfica completa Código de barras Visto por última vez Precio de reemplazo Tipo de ítem Koha
    Clasificación decimal universal     Periódicos y Revistas Biblioteca del Ateneo de Madrid Biblioteca del Ateneo de Madrid Depósito 1 17/01/2008   HEM-GF-52 1001603 23/02/2023 23/02/2023 Periódico